Score 0/20 Timer 08:00
0 Plays Today
% Correct
Castel Sant'Angelo
88%
Reggia di Caserta
62%
Palazzo Ducale di Venezia
55.4%
Palazzo Vecchio
50%
Palazzo Apostolico
47.8%
Castello Sforzesco
44.6%
Castel del Monte
40.2%
Palazzo del Quirinale
37%
Palazzo Reale di Torino
35.9%
Palazzo Pubblico di Siena
33.7%
% Correct
Ca' d'Oro
31.5%
Castel Nuovo
31.2%
Castello di Miramare
26%
Palazzo dei Normanni
21.7%
Palazzo Carignano
21.7%
Castello aragonese di Ischia
20.7%
Castello di Fénis
20.7%
Castelvecchio
19.6%
Prima Torre
18.5%
Palazzo Ducale di Modena
14.1%
Remove Ads.
Support Sporcle.
Get the best of Sporcle when you Go Orange. This ad-free experience offers more features, more stats, and more fun while also helping to support Sporcle. Thank you for becoming a member.

You're not logged in!

Compare scores with friends on all Sporcle quizzes.
OR
Log In

Show Comments

Extras

Top Quizzes Today


Score Distribution

Your Account Isn't Verified!

In order to create a playlist on Sporcle, you need to verify the email address you used during registration. Go to your Sporcle Settings to finish the process.

Report this User

Report this user for behavior that violates our Community Guidelines.

Details: